Countries Larger Than the UK? Quiz Stats

 Plays Quiz Updated Nov 16, 2018

Challenge
Share
Tweet
Embed
Score 0/30 Timer 06:00
22 Plays Today
% Correct
Germany
83.2%
Saudi Arabia
80.7%
Poland
77%
Colombia
74%
Norway
73.5%
Finland
72.7%
Algeria
72.4%
Venezuela
71.6%
Kenya
70.5%
Chile
69%
Iraq
68.4%
Peru
67.9%
Mozambique
66.4%
Italy
66.2%
Uzbekistan
65.9%
% Correct
Turkmenistan
63.2%
New Zealand
61.9%
Somalia
61.6%
Japan
61.5%
Philippines
61.2%
Mali
58.4%
Paraguay
55.3%
Vietnam
54%
Papua New Guinea
53.2%
Ecuador
44.8%
Yemen
41.9%
Oman
36.1%
Burkina Faso
32.7%
Gabon
25.5%
Guinea
20.8%

You're not logged in!

Compare scores with friends on all Sporcle quizzes.
OR
Log In

You Might Also Like...

Show Comments

Extras

Top Quizzes Today


Score Distribution

Your Account Isn't Verified!

In order to create a playlist on Sporcle, you need to verify the email address you used during registration. Go to your Sporcle Settings to finish the process.

Report this User

Report this user for behavior that violates our Community Guidelines.

Details: